Statistics for Name the Celebrity #1

Click here to take the quiz!

General Stats

  • This quiz has been taken 52 times
  • The average score is 7 of 10

Answer Stats

Answer% Correct
Adele
98%
Jennifer Aniston
94%
Oprah Winfrey
92%
Jim Carrey
82%
Stan Lee
70%
Jim Parsons
56%
Jerry Seinfeld
46%
Larry King
46%
Paul Reubens
36%
Andy Samberg
34%

Score Distribution

Percentile by Number Answered

Percent of People with Each Score

Your Score History

You have not taken this quiz